Normal view
MARC view
- جودة الإنتاج - إدارة الجودة الشاملة - ضبط الجودة
Entry Topical Term
001 - CONTROL NUMBER
- control field: 58092
003 - CONTROL NUMBER IDENTIFIER
- control field: JO-AjAnu
005 - DATE AND TIME OF LATEST TRANSACTION
- control field: 20230606083516.0
008 - FIXED-LENGTH DATA ELEMENTS
- fixed length control field: 230606|| aca||aabn | a|a d
040 ## - CATALOGING SOURCE
- Original cataloging agency: JO-AjAnu
- Transcribing agency: JO-AjAnu
150 ## - HEADING--TOPICAL TERM
- Topical term or geographic name entry element: جودة الإنتاج - إدارة الجودة الشاملة - ضبط الجودة
670 ## - SOURCE DATA FOUND
- Source citation: Work cat.: (JO-AjAnu)29637: نجم، عبود نجم, author 58091, إدارة الجودة الشاملة في عصر الإنترنت = TQM IN THE INTERNET AGE